Experimental biochemistry / (Record no. 544583)
[ view plain ]
| 000 -LEADER | |
|---|---|
| fixed length control field | 00526cam a2200157 i 4500 |
| 082 00 - DEWEY DECIMAL CLASSIFICATION NUMBER | |
| Classification number | 574.192028 |
| Author Mark | CLA |
| -- | L-7, P-107 |
| 100 1# - MAIN ENTRY--PERSONAL NAME | |
| Personal name | Clark, John Magruder, (Edit) |
| 9 (RLIN) | 40249 |
| 245 10 - TITLE STATEMENT | |
| Title | Experimental biochemistry / |
| Statement of responsibility, etc. | John M. Clark, Jr. and Robert L. Switzer. |
| 250 ## - EDITION STATEMENT | |
| Edition statement | Clark, John Magruder, |
| 260 ## - PUBLICATION, DISTRIBUTION, ETC. | |
| Place of publication, distribution, etc. | San Francisco : |
| Name of publisher, distributor, etc. | W. H. Freeman, |
| Date of publication, distribution, etc. | c1964. |
| 300 ## - PHYSICAL DESCRIPTION | |
| Extent | ix, 228 p. : |
| Other physical details | ill. ; |
| Dimensions | 28 cm. |
| 526 ## - STUDY PROGRAM INFORMATION NOTE | |
| Program name | 0 |
| Interest level | 0 |
| Reading level | 0 |
| Title point value | 574_192028000000000_CLA |
| 526 ## - STUDY PROGRAM INFORMATION NOTE | |
| Program name | 0 |
| Interest level | 0 |
| Reading level | 0 |
| Title point value | 574_192028000000000_CLA |
| 650 #0 - SUBJECT ADDED ENTRY--TOPICAL TERM | |
| Topical term or geographic name entry element | MCE |
| 9 (RLIN) | 379 |
| 942 ## - ADDED ENTRY ELEMENTS (KOHA) | |
| Source of classification or shelving scheme | |
| Koha item type | Book |
| Withdrawn status | Lost status | Source of classification or shelving scheme | Damaged status | Not for loan | Permanent Location | Current Location | Date acquired | Total Checkouts | Full call number | Barcode | Date last seen | Date last checked out | Price effective from | Koha item type |
|---|---|---|---|---|---|---|---|---|---|---|---|---|---|---|
| Military College of Engineering (MCE) | Military College of Engineering (MCE) | 05/08/2014 | 1 | 574.192028 CLA | MCE-15850 | 05/13/2014 | 05/13/2014 | 05/08/2014 | Book | |||||
| Military College of Engineering (MCE) | Military College of Engineering (MCE) | 05/08/2014 | 574.192028 CLA | MCE-15851 | 05/08/2014 | 05/08/2014 | Book |
